000
00189nam a2200085 4500
001
1258249
005
20260303110206.0
245
_a
ÇÖP PLAZA 1
_c
MİYASE SERTBARUT
260
_b
TUDEM YAYINLARI
999
_c
1258249
_d
1258249